000 00451nam a22001577a 4500
999 _c18333
_d18333
008 200722b xxu||||| |||| 00| 0 eng d
020 _a1628251845
040 _aKABU
_cKABU
050 _aHD69
_b.P75G85 2017 c. 1
245 _aA Guide to the project management body of knowledge
250 _a6th ed.
260 _aPennsylvania
_bProject management
_c2017
300 _axxix, 756 p.
650 _aProject management
942 _2lcc
_cBK
_hHD69